000 00344nam a2200133 i 4500
001 bg
100 1 _aJAKOBSCHE, Zbigniew Jan
245 0 _aPodstawy terytorialnej koordynacji inwestycji /
_cZbigniew Jan Jakobsche.
260 _aWarszawa,
_c1981.
040 _cBPK
041 _apol
942 _cKS
008 s pl f |000 0 pol
999 _c19893
_d19893
856 _uhttp://koha.tu.koszalin.pl/cgi-bin/koha/opac-detail.pl?biblionumber=19893
_yKatalog online BPK